[Event "Ostravsky Konik-A 2019"]
[Site "Ostrava"]
[Date "2019.04.29"]
[Round "3.1"]
[White "Vesely, Martin"]
[Black "Sernecki, Franciszek"]
[Result "0-1"]
[WhiteElo "2086"]
[BlackElo "2259"]
[Annotator "TA"]
[PlyCount "90"]
[EventDate "2019.04.27"]
[EventType "swiss"]
[EventCountry "CZE"]
[SourceTitle "playchess.com"]
[Source "ChessBase"]
[SourceQuality "1"]

{[%evp 16,94,45,41,82,62,50,52,46,28,33,24,42,0,0,0,0,-14,-15,-14,0,0,0,0,0,-44,-43,-25,-16,-16,-26,-27,0,0,10,-68,0,-21,0,-8,-2,-25,0,-7,0,0,0,-112,0,0,0,0,0,-595,0,-2025,-2118,-1704,-1635,-1714,-1714,-1498,0,-98,0,-1563,-1560,-1144,-1137,-29990,-29981,-29991,-29992,-29991,-29973,-29978,-29974,-29982,-29983,-29982,-29983]} 1. d4 Nf6 2. Nf3 e6 3. c4 d5 4. Nc3 c6 5. e3 a6 6. Bd3 dxc4 7. Bxc4 b5 8. Bd3 Be7 9. e4 b4 {D45: Semi-Slav: 5 e3} (9... c5 10. e5 Nd5 11. Nxd5 Qxd5 12. O-O cxd4 13. Re1 Bb7 14. Be4 Qd7 15. Bxb7 Qxb7 16. Qxd4 Nc6 17. Qe4 Rd8 18. Be3 O-O 19. Red1 {½-½ (19) Cvitan,O (2489)-Mrkonjic,N (2352) Biograd 2018}) 10. Na4 Nbd7 11. O-O Bb7 {White is slightly better.} 12. Qe2 Qa5 13. b3 c5 14. Bb2 $146 ({Predecessor:} 14. d5 exd5 15. exd5 Nxd5 16. Bc4 Kf8 17. Bg5 Bxg5 18. Nxg5 N7f6 19. Qe5 Rd8 20. Rfe1 h6 21. Ne4 Nxe4 22. Qxe4 Qc7 23. Rad1 Qd7 24. Nxc5 {1-0 (24) Svensson,S (1952)-Bec,D (2056) Radebeul 2016}) 14... c4 15. Bxc4 {aiming for d5!} Nxe4 16. Ne5 Nxe5 17. dxe5 Nc5 18. Nxc5 Bxc5 19. Rad1 O-O 20. Rd3 Rfd8 21. Rh3 Bd4 22. Bxd4 Rxd4 23. Qh5 h6 24. Rg3 Kf8 25. f4 ({White should play} 25. Bxe6 $11 fxe6 26. Rf3+ $1 {[%mdl 512]} Bxf3 27. Qxf3+ {[%mdl 64] Double Attack} Kg8 28. Qxa8+ Kh7 29. Qc8) 25... Be4 (25... Qc5 $5 {[%cal Rd4c4]} 26. Kh1 Bd5 $15) 26. Qg4 Bg6 27. h4 {Hoping for h5.} h5 28. Qf3 Rad8 29. Kh2 Qb6 30. Rg5 $1 a5 31. Qg3 {[#]} (31. Rxh5 $11 {keeps the balance.} Bxh5 32. Qxh5) 31... Re4 (31... Rd1 $1 $17 32. Qf2 Qd4) 32. Rxg6 $11 fxg6 33. Qxg6 {[%mdl 64] Double Attack} Rdd4 $1 34. g3 $2 {[%mdl 8192]} (34. Qxh5 $11 Rxf4 35. Qh8+ Kf7 36. Rxf4+ Rxf4 37. Qh5+ Kf8 38. Qh8+ Kf7 39. Qh5+ Kf8 40. Qh8+ Kf7) 34... Qc6 $2 ({Black should try} 34... Qb7 $19 {And now ...Rd2+ would win.} 35. f5 (35. Qxe6 $2 Rd2+ {[%mdl 64] Double Attack} 36. Kh3 Rxc4 $19) 35... Rd2+ {[%mdl 64] Double Attack} 36. Kh3 {[#]} Re1 $1 {[%mdl 512]} 37. fxe6+ Rxf1 38. e7+ Qxe7 39. Bxf1 Qxe5) 35. Qxh5 $2 {[%mdl 8192]} (35. Kh3 $11 Rxc4 36. bxc4) 35... Rd2+ $19 {[%mdl 64] Double Attack} 36. Kh3 Rxc4 37. Qh8+ Kf7 38. Qh5+ Kf8 $2 ({Stronger than} 38... Kg8 39. bxc4 Qg2+ 40. Kg4 $11) (38... Ke7 $19 {has better winning chances.} 39. Rg1 Rcc2) 39. Qh8+ $17 Kf7 40. Qh5+ $1 Ke7 {( -> ...Qg2+)} ({And not} 40... Kg8 41. bxc4 Qg2+ 42. Kg4 $11) 41. Qg5+ Kf8 42. bxc4 $19 {[%mdl 4096] Endgame KQR-KQR} Qg2+ {[%mdl 64] Double Attack. Black mates.} 43. Kg4 Rd3 44. Kh5 Qxf1 45. g4 Qc1 {Played: Qf1-f3} 0-1

[Event "Ostravsky Konik-A 2019"]
[Site "Ostrava"]
[Date "2019.04.29"]
[Round "3.2"]
[White "Gnojek, Petr"]
[Black "Vesely, Libor"]
[Result "1-0"]
[WhiteElo "2016"]
[BlackElo "2214"]
[Annotator "TA"]
[PlyCount "57"]
[EventDate "2019.04.27"]
[EventType "swiss"]
[EventCountry "CZE"]
[SourceTitle "playchess.com"]
[Source "ChessBase"]
[SourceQuality "1"]

{[%evp 22,71,43,40,91,-63,43,19,156,147,129,75,102,0,0,0,0,0,0,0,23,14,29,0,61,17,52,0,40,0,66,72,160,132,140,120,220,203,181,117,358,333,339,340,358,291,344,368,1202,611,1065,910]} 1. d4 Nf6 2. c4 e6 3. Nf3 d5 4. Nc3 c6 5. Bg5 dxc4 6. e4 b5 7. e5 h6 8. Bh4 g5 9. Nxg5 hxg5 10. Bxg5 Nbd7 11. exf6 Bb7 12. g3 Bh6 {[#] D44: Semi-Slav: Botvinnik System} ({Black should play} 12... Qb6 $14) (12... c5 13. d5 Qb6 14. Bg2 O-O-O 15. O-O b4 16. Na4 Qb5 17. a3 Nb8 18. axb4 cxb4 19. Qg4 Bxd5 20. Rac1 Qxa4 21. Rxc4+ Kb7 22. Rfc1 Na6 23. Rd4 Bc5 24. Re4 Bb6 25. h4 Qb3 26. Bf4 Qxb2 27. Re2 Qxf6 {0-1 (37) Melkumyan,H (2662)-Sasikiran,K (2666) Yerevan 2018}) 13. f4 $2 (13. Bxh6 $1 $16 {Black must now prevent Bg7.} Rxh6 14. Bg2) 13... Nxf6 (13... c5 $1 $15 14. d5 Nxf6) 14. Bg2 Bxg5 $146 (14... Bg7 $1 $11) ({Predecessor:} 14... a6 15. Qe2 Bxg5 16. fxg5 Nd5 17. g6 Qf6 18. Ne4 Qe7 19. gxf7+ Kxf7 20. O-O+ {1-0 (38) Lukey,S (2235)-Jackson,L North Island 1997}) 15. fxg5 $16 Nd5 {[#]} 16. Bxd5 (16. Qd2 $142 $1) 16... cxd5 17. Nxb5 (17. Qg4 $16) 17... Bc6 $36 {[%mdl 2048] Black fights for an advantage.} 18. Nc3 Qxg5 19. Qf3 Rb8 20. O-O Qh5 {[%csl Gh8][%cal Rh5h2]} 21. Qf2 Rb7 22. Rae1 Re7 ({Black should try} 22... Qh6 $11) 23. Re2 Qh6 24. Rfe1 (24. Qe1 $14) 24... Kd7 25. Nd1 {[%cal Bc3d1,Bd1e3,Be3g2,Bg2f4][%mdl 32]} f6 (25... f5 $1 $11) 26. Ne3 $1 $14 {[%cal Re3f5] Nf5! is the strong threat.} Qg6 (26... Rg7 $142) 27. Ng2 Rhe8 28. Nf4 Qf5 (28... Qf7 $16) 29. Qf3 {Played: Qf2-e3} 1-0

[Event "Ostravsky Konik-A 2019"]
[Site "Ostrava"]
[Date "2019.04.29"]
[Round "3.3"]
[White "Mica, Marek"]
[Black "Potomak, Vladimir"]
[Result "1-0"]
[WhiteElo "2139"]
[BlackElo "2102"]
[Annotator "TA"]
[PlyCount "125"]
[EventDate "2019.04.27"]
[EventType "swiss"]
[EventCountry "CZE"]
[SourceTitle "playchess.com"]
[Source "ChessBase"]
[SourceQuality "1"]

{[%evp 19,125,0,27,13,20,18,28,39,28,18,21,20,53,46,37,34,37,43,54,31,49,21,17,22,58,25,25,-7,25,24,105,65,102,104,129,137,147,156,160,98,119,81,88,81,139,130,174,106,173,164,165,150,133,0,166,158,156,89,145,117,165,165,156,105,133,86,95,51,136,131,180,163,175,143,266,175,242,252,243,231,244,255,218,229,227,187,214,197,332,339,322,331,343,317,331,318,316,303,292,275,481,480,472,464,460,456,570,428]} 1. d4 Nf6 2. c4 g6 3. Nf3 Bg7 4. g3 d6 5. Bg2 O-O 6. O-O Nbd7 7. Nc3 e5 8. h3 Re8 9. dxe5 dxe5 10. e4 c6 11. Be3 {E69: King's Indian: Fianchetto: 6...Nbd7 7 0-0 e5 8 e4 c6 9 h3} Qe7 12. Qc2 b6 13. Rfd1 {White has an edge.} Bf8 (13... Bb7 14. Rab1 Red8 15. b4 Nf8 16. c5 b5 17. a4 a6 18. Ne2 Ne8 19. a5 Ne6 20. Bd2 f6 21. h4 h5 {1-0 (52) Brodda,W (2576)-Yamaliev,V (2391) ICCF email 2010}) 14. Rd2 $146 ({Predecessor:} 14. a3 a5 15. Rab1 Ba6 16. Bf1 Rec8 17. b4 b5 18. c5 Rc7 19. Rd2 {1-0 (32) Delchev,A (2360)-Dannevig,O (2270) Aalborg 1991}) 14... a5 15. Rad1 Nc5 16. Bxc5 bxc5 17. Na4 Qc7 18. Ne1 Be6 19. Nd3 Nd7 20. Re2 f6 21. b3 Bf7 22. Qc1 Rad8 23. Qe3 Qa7 (23... Nb6 $5 {[%cal Rb6a4]}) 24. Red2 $36 {[%mdl 2048] aiming for Ndxc5! Black is under pressure.} Rb8 (24... Nb6 $11 {keeps the balance.}) 25. Kh2 Be6 26. h4 Rb7 27. Bh3 Bxh3 28. Kxh3 Be7 29. Rg1 (29. Kg2 $142) 29... Rbb8 30. Kh2 Rbd8 31. Rgd1 Rb8 (31... Nb6 $142) 32. Kg2 Rb7 {[#]} 33. Kf3 ({White should play} 33. h5 $1 $18 {[%mdl 512]}) 33... Rf8 (33... Rbb8 $16 34. Kg2 Rbd8) 34. Ke2 Rf7 35. Re1 Rb8 36. Red1 Rb7 $1 37. Rh1 Rb8 38. Kd1 ({Better is} 38. h5) 38... Re8 (38... Nb6 $142) 39. Kc2 Kh8 40. Rhd1 Bf8 41. Re2 ({White should try} 41. h5) 41... Kg8 42. Rde1 Rd8 43. f4 Re8 (43... Nb6 $1 $14) 44. h5 Rg7 45. hxg6 Rxg6 46. Rh2 h6 (46... Re7 $16 {was worth a try.} 47. Rh4 (47. Naxc5 Nxc5 48. Qxc5 Qxc5 $14) 47... Reg7) 47. Rh5 Qb8 (47... Nb6 {was necessary.}) 48. f5 Rg5 49. Rxg5+ ({Not} 49. Naxc5 Rxh5 50. Nxd7 Rh2+ 51. Re2 Rxe2+ 52. Qxe2 Qd6 $11) 49... fxg5 50. Naxc5 Nxc5 51. Nxc5 {And now Nd7 would win.} Qb4 52. Ne6 a4 {[#]} 53. Qc3 $1 axb3+ (53... Qa3 {might work better.} 54. Ra1 Ra8) 54. axb3 $18 Ra8 55. Qxb4 Bxb4 {[%mdl 4096] Endgame KRB-KRN} 56. Rh1 Ra2+ 57. Kd3 Rg2 58. Rxh6 Rxg3+ 59. Ke2 g4 $2 (59... Be7 60. Nc7 Rg4 61. Rxc6 Rxe4+ 62. Kd3 Rd4+ 63. Kc2 g4 64. Rg6+ Kf7) 60. Rg6+ {White is clearly winning.} Kf7 61. Nd8+ {[%mdl 64] Double Attack, Discovered Attack} Ke8 62. Nxc6 {[%mdl 64] Double Attack} Bc5 {intending ...Rg2+.} 63. Re6+ {Accuracy: White = 54%, Black = 39%.} 1-0

[Event "Ostravsky Konik-A 2019"]
[Site "Ostrava"]
[Date "2019.04.29"]
[Round "3.4"]
[White "Nehyba, Martin"]
[Black "Stalmach, Richard"]
[Result "1/2-1/2"]
[WhiteElo "2113"]
[BlackElo "1991"]
[Annotator "NA RC"]
[PlyCount "95"]
[EventDate "2019.04.27"]
[EventType "swiss"]
[EventCountry "CZE"]
[SourceTitle "playchess.com"]
[Source "ChessBase"]
[SourceQuality "1"]
[TimeControl "40/5400+30:1800+30"]

1. e4 {[%emt 0:00:00]} d6 {[%emt 0:00:00]} 2. Nc3 {[%emt 0:00:12]} Nf6 {[%emt 0:00:00]} 3. Nf3 {[%emt 0:00:13]} g6 {[%emt 0:00:00]} 4. d4 {[%emt 0:00:34]} Bg7 {[%emt 0:00:08]} 5. h3 {[%emt 0:00:18]} O-O {[%emt 0:00:25]} 6. Be3 {[%emt 0:00:10]} b6 {[%emt 0:01:38]} 7. Bd3 {[%emt 0:01:45]} Nc6 {[%emt 0:08:41]} 8. Qd2 {[%emt 0:08:52]} Bb7 {[%emt 0:01:29]} 9. Bh6 {[%emt 0:05:27]} Nb4 {[%emt 0:04:12]} 10. Bxg7 {[%emt 0:00:11]} Nxd3+ {[%emt 0:00:55]} 11. Qxd3 {[%emt 0:00:45]} Kxg7 {[%emt 0:00:12]} 12. O-O-O {[%emt 0:06:51]} c5 {[%emt 0:16:21]} 13. e5 {[%emt 0:18:28]} Nh5 {[%emt 0:16:19]} 14. dxc5 {[%emt 0:07:25]} bxc5 {[%emt 0:07:31]} 15. Qe3 {[%emt 0:08:56]} Qb6 {[%emt 0:02:15]} 16. Nd5 {[%emt 0:05:39]} Bxd5 {[%emt 0:05:10]} 17. Rxd5 {[%emt 0:00:02]} Rab8 {[%emt 0:05:24]} 18. b3 {[%emt 0:03:33]} c4 {[%emt 0:09:07]} 19. exd6 {[%emt 0:02:24]} Qxe3+ {[%emt 0:09:10]} 20. fxe3 {[%emt 0:00:01]} cxb3 {[%emt 0:00:09]} 21. axb3 {[%emt 0:00:26]} Rfd8 {[%emt 0:03:21]} 22. Rhd1 {[%emt 0:00:29]} Nf6 {[%emt 0:00:11]} 23. R5d4 {[%emt 0:00:13]} exd6 {[%emt 0:00:04]} 24. Rxd6 {[%emt 0:00:09]} Re8 {[%emt 0:01:54]} 25. Re1 {[%emt 0:04:06]} Rb7 {[%emt 0:00:04]} 26. Nd2 {[%emt 0:09:00]} Rbe7 {[%emt 0:01:49]} 27. Nc4 {[%emt 0:00:31]} Ne4 {[%emt 0:00:05]} 28. Ra6 {[%emt 0:00:18]} h5 {[%emt 0:01:52]} 29. Kb2 {[%emt 0:00:15]} Rb8 {[%emt 0:00:34]} 30. Rea1 {[%emt 0:00:37]} Rbb7 {[%emt 0:02:14]} 31. Na5 Rb6 32. Nc6 {[%emt 0:06:00]} Re6 {[%emt 0:00:04]} 33. Rxb6 {[%emt 0:00:05]} axb6 {[%emt 0:00:02]} 34. Nd4 {[%emt 0:00:07]} Rf6 {[%emt 0:00:49]} 35. Re1 {[%emt 0:01:52]} g5 {[%emt 0:01:36]} 36. g4 {[%emt 0:01:48]} Nf2 {[%emt 0:01:06]} 37. Nf5+ {[%emt 0:05:46]} Kg6 {[%emt 0:00:04]} 38. Ne7+ {[%emt 0:00:42]} Kg7 {[%emt 0:00:07]} 39. Nf5+ {[%emt 0:00:37]} Kg6 {[%emt 0:01:39]} 40. Ne7+ {[%emt 0:04:39]} Kh7 {[%emt 0:00:37]} 41. gxh5 {[%emt 0:11:47]} Nxh3 {[%emt 0:00:28]} 42. Nd5 {[%emt 0:06:24]} Rd6 {[%emt 0:01:18]} 43. c4 {[%emt 0:00:22]} Kh6 {[%emt 0:01:40]} 44. Rf1 {[%emt 0:00:15]} g4 {[%emt 0:07:46]} 45. e4 Kxh5 46. Rxf7 g3 47. Ne3 Rd2+ 48. Kc3 {[%emt 0:05:50]} 1/2-1/2

[Event "Ostravsky Konik-A 2019"]
[Site "Ostrava"]
[Date "2019.04.29"]
[Round "3.5"]
[White "Ruzicka, Petr"]
[Black "Malicka, Maria"]
[Result "1-0"]
[WhiteElo "2202"]
[BlackElo "2118"]
[Annotator "TA"]
[PlyCount "111"]
[EventDate "2019.04.27"]
[EventType "swiss"]
[EventCountry "CZE"]
[SourceTitle "playchess.com"]
[Source "ChessBase"]
[SourceQuality "1"]

{[%evp 21,111,0,21,0,18,6,17,5,19,0,0,8,13,4,41,-17,0,0,49,61,55,79,66,0,0,0,60,0,14,-8,13,31,48,48,30,-8,0,-18,-38,-229,-227,-207,-237,-279,-188,-414,-433,-428,-443,-564,-535,-544,-566,-654,-655,-655,-86,-89,-57,-93,-68,-50,-41,-53,0,0,60,0,0,0,225,234,239,225,206,35,1846,1694,1647,1250,2128,1956,1483,1372,29995,29996,29996,29986,29998,29999,29999,29998]} 1. Nf3 d5 2. b3 Nf6 3. Bb2 e6 4. g3 Be7 5. Bg2 O-O 6. O-O c5 7. c4 Nc6 8. e3 b6 9. Qe2 Bb7 10. Nc3 dxc4 11. bxc4 Rc8 12. Rad1 {A14: English Opening: 1...e6 with b3 by White} Qc7 13. d3 (13. Ne1 Ne8 14. f4 Nd6 15. Nf3 a6 16. a4 f5 17. d3 Bf6 18. h3 Nb4 19. g4 g6 {1-0 (31) Artemiev,V (2709)-Nakamura,H (2749) Caleta 2019}) 13... Rfd8 14. Ne1 {The position is equal.} a6 15. a4 Ne8 $146 ({Predecessor:} 15... Nb4 16. f4 Bxg2 17. Qxg2 Rd7 18. g4 Rcd8 19. Qe2 Qb7 20. g5 {0-1 (30) Castillo Morales,T (1925)-Pogonina,N (2469) Batumi 2018}) 16. f4 Nd6 17. g4 Nb4 18. Nf3 (18. e4 $14) 18... Bc6 19. e4 Ne8 20. Ne5 Bb7 21. g5 Bd6 22. Qf3 ({Better is} 22. Rf3 $14) 22... Bxe5 $11 23. fxe5 Rd7 (23... Qe7 $11) 24. Ne2 (24. Nd5 $1 $14 exd5 25. cxd5) 24... Qd8 25. Nf4 {Strongly threatening Nxe6!} Qe7 26. h4 Rcd8 27. Bh3 {Hoping for Nxe6!} Nc7 $1 28. Bc3 b5 29. cxb5 axb5 {[%cal Ba6b5,Bb5b4][%mdl 32]} 30. a5 $2 (30. Bxb4 $15 cxb4 31. a5) 30... Nc6 $1 $19 31. Qg4 b4 32. Ba1 Ba6 {[%cal Ra6d3]} 33. Nh5 $2 (33. h5 {is the only way for White.} Bxd3 34. Rxd3 Rxd3 35. g6) 33... Rxd3 34. Rxd3 Rxd3 ({Resist} 34... Bxd3 35. Nf6+ Kh8 36. Qh5 $1 $19 {[%mdl 512]}) 35. Nf6+ Kh8 36. Qh5 {[%csl Gf6][%cal Rh5h7]} gxf6 37. exf6 Qf8 38. Bg2 {and if g6! works, White does fine.} Nd4 $2 (38... Kg8 $19 {is more deadly.} 39. e5 Re3) 39. g6 $17 fxg6 40. Qe5 {[#]} Qf7 $1 {And now ...Ne2+ would win.} 41. Qxc5 Ndb5 42. Qb6 {Qb8+ would kill now.} Rd8 (42... h6 $15) 43. Be5 $11 Rc8 (43... Ra8 $11) 44. Bh3 ({White should try} 44. Rf2 $14) 44... Kg8 45. Rf3 Nc3 $2 (45... h6 $11) 46. Bxc7 $1 $18 Qxc7 47. Bxe6+ ({Less strong is} 47. Qxa6 Rd8 $14) 47... Kf8 {[#]} 48. Bxc8 $2 $40 {[%mdl 128] White mounts an attack.} ({Weaker is} 48. Qxa6 Re8 $11) (48. Qe3 $1 $18 {[%cal Re3h6] Black must now prevent Qh6+.} Qc5 49. Bxc8 Qxe3+ 50. Rxe3 Bxc8 51. Rd3) 48... Ne2+ $2 {[%mdl 8192] [#]} (48... Qxb6+ $14 49. axb6 Bxc8) 49. Kf2 $1 Qh2+ {[#]} 50. Ke1 $1 {Threatening mate with Qd8+.} Qh1+ 51. Rf1 {Intending Qd8+ and mate.} Qxh4+ 52. Qf2 Qxe4 53. Qc5+ {White mates.} Kf7 54. Qa7+ Kf8 55. Qg7+ Ke8 56. f7+ {Accuracy: White = 43%, Black = 31%.} 1-0

[Event "Ostravsky Konik-A 2019"]
[Site "Ostrava"]
[Date "2019.04.29"]
[Round "3.6"]
[White "Muzik, Martin"]
[Black "Krejci, Jan"]
[Result "1-0"]
[WhiteElo "2160"]
[BlackElo "2588"]
[Annotator "TA"]
[PlyCount "47"]
[EventDate "2019.04.27"]
[EventType "swiss"]
[EventCountry "CZE"]
[SourceTitle "playchess.com"]
[Source "ChessBase"]
[SourceQuality "1"]

{[%evp 15,116,20,37,14,18,13,36,0,17,0,0,-57,54,51,77,24,30,31,70,64,59,45,122,124,112,123,156,153,165,133,358,169,169,132,127,68,64,68,81,75,65,66,68,41,75,0,41,-33,-31,-28,-18,-25,-25,-29,14,12,19,18,19,19,12,19,12,0,0,0,0,-6,13,12,12,0,13,18,13,17,13,0,0,0,0,0,0,0,0,0,0,0,0,-8,-8,-8,0,0,29969,29970,29979,29978,728,624,29981,29982,29982]} 1. e4 e5 2. Bc4 Nc6 3. Nf3 Be7 4. d4 exd4 5. Nxd4 d6 6. O-O Nf6 7. Nc3 O-O 8. Re1 Re8 9. Bg5 {C50: Hungarian Defence and Giuoco Pianissimo} (9. Nxc6 bxc6 10. Bf4 Bg4 11. f3 Be6 12. Bxe6 fxe6 13. Qe2 d5 14. Kh1 Nh5 15. Be5 Bd6 16. Bxd6 cxd6 {½-½ (58) Heberla,B (2544)-Bartel,M (2662) Warsaw 2014}) 9... h6 10. Bh4 Ne5 11. Bf1 {White is slightly better.} c6 $146 ({Predecessor:} 11... Ng6 12. Bg3 c6 13. h3 Bf8 14. Qd2 Qb6 15. b3 Bd7 16. Rad1 Rad8 {1-0 (51) Stolz,M (2412)-Braun,G (2298) Germany 2004}) 12. Bg3 Bf8 13. a4 (13. Be2 $11) 13... Qb6 (13... Nh5 $1 $15) 14. a5 $14 Qc7 ({Don't blunder} 14... Qxb2 $2 15. Qd2 $18) 15. f3 (15. h3 $16) 15... Nh5 $11 16. Bf2 Nf4 17. Be3 Nfg6 18. h3 Qe7 ({Better is} 18... Nd7 $14) 19. f4 Nd7 20. Nf5 Qe6 21. Qd2 $1 Nf6 22. Bd4 d5 $2 {[#]} (22... Nh5 $16 {was necessary.}) 23. Ng3 (23. Nxh6+ $142 $1 {[%mdl 512]} gxh6 24. f5 {[%mdl 64] Double Attack}) 23... dxe4 24. Ncxe4 {Played: f4-f5} 1-0

[Event "Ostravsky Konik-A 2019"]
[Site "Ostrava"]
[Date "2019.04.29"]
[Round "3.7"]
[White "Lys, Josef"]
[Black "Chlevistan, Jakub"]
[Result "0-1"]
[WhiteElo "2151"]
[BlackElo "2047"]
[Annotator "NA RC"]
[PlyCount "86"]
[EventDate "2019.04.27"]
[EventType "swiss"]
[EventCountry "CZE"]
[SourceTitle "playchess.com"]
[Source "ChessBase"]
[SourceQuality "1"]
[TimeControl "40/5400+30:1800+30"]

1. d4 {[%emt 0:00:00]} Nf6 {[%emt 0:00:00]} 2. c4 {[%emt 0:00:00]} e6 {[%emt 0:00:00]} 3. Nf3 {[%emt 0:00:00]} b6 {[%emt 0:00:03]} 4. g3 {[%emt 0:00:12]} Bb7 {[%emt 0:00:13]} 5. Bg2 {[%emt 0:00:31]} Be7 {[%emt 0:00:35]} 6. O-O {[%emt 0:00:12]} O-O {[%emt 0:00:11]} 7. Nc3 {[%emt 0:00:21]} Ne4 {[%emt 0:00:26]} 8. Qc2 {[%emt 0:01:10]} Nxc3 {[%emt 0:00:51]} 9. Qxc3 {[%emt 0:01:15]} c5 {[%emt 0:00:47]} 10. dxc5 {[%emt 0:03:00]} bxc5 {[%emt 0:00:36]} 11. Bf4 {[%emt 0:00:32]} d6 {[%emt 0:01:19]} 12. Rad1 {[%emt 0:00:41]} Qc7 {[%emt 0:03:01]} 13. Rd2 {[%emt 0:02:46]} h6 {[%emt 0:05:02]} 14. g4 {[%emt 0:01:15]} Nd7 {[%emt 0:04:29]} 15. Rfd1 {[%emt 0:10:16]} Nf6 {[%emt 0:05:19]} 16. Qb3 {[%emt 0:07:55]} e5 {[%emt 0:06:18]} 17. Bg3 {[%emt 0:14:09]} Rab8 {[%emt 0:07:15]} 18. Qc2 {[%emt 0:14:48]} Ne4 {[%emt 0:05:12]} 19. h4 {[%emt 0:02:13]} Nxd2 {[%emt 0:07:35]} 20. Qxd2 {[%emt 0:03:51]} e4 {[%emt 0:10:11]} 21. Ne1 {[%emt 0:02:00]} e3 {[%emt 0:00:35]} 22. Qxe3 {[%emt 0:02:22]} Bxg2 {[%emt 0:00:12]} 23. Nxg2 {[%emt 0:00:45]} Rxb2 {[%emt 0:01:57]} 24. g5 {[%emt 0:01:06]} hxg5 {[%emt 0:01:27]} 25. hxg5 {[%emt 0:00:08]} Rfb8 {[%emt 0:02:53]} 26. Kh2 {[%emt 0:01:57]} Bf8 {[%emt 0:07:30]} 27. g6 {[%emt 0:01:00]} fxg6 {[%emt 0:00:54]} 28. Nf4 {[%emt 0:04:58]} Qf7 {[%emt 0:04:42]} 29. Rd5 {[%emt 0:09:43]} Re8 {[%emt 0:01:35]} 30. Qa3 {[%emt 0:00:33]} Rb4 {[%emt 0:06:22]} 31. Rg5 {[%emt 0:03:31]} Rxc4 {[%emt 0:01:04]} 32. Nxg6 {[%emt 0:03:26]} Rxe2 {[%emt 0:01:48]} 33. Qd3 {[%emt 0:01:56]} Rcc2 {[%emt 0:07:22]} 34. Nxf8 {[%emt 0:02:01]} Rxf2+ {[%emt 0:02:00]} 35. Kh3 {[%emt 0:00:17]} Kxf8 {[%emt 0:03:43]} 36. Bxf2 {[%emt 0:05:44]} Rxf2 {[%emt 0:01:25]} 37. Qxd6+ {[%emt 0:00:08]} Kg8 {[%emt 0:02:03]} 38. Qxc5 {[%emt 0:01:22]} Qf3+ {[%emt 0:00:46]} 39. Rg3 {[%emt 0:00:18]} Qh1+ {[%emt 0:00:38]} 40. Kg4 {[%emt 0:00:06]} Qe4+ {[%emt 0:00:44]} 41. Kh3 {[%emt 0:30:21]} Qh7+ {[%emt 0:30:37]} 42. Kg4 {[%emt 0:00:10]} Qg6+ {[%emt 0:00:00]} 43. Kh3 {[%emt 0:00:00]} Qh6+ {[%emt 0:00:00]} 0-1

[Event "Ostravsky Konik-A 2019"]
[Site "Ostrava"]
[Date "2019.04.29"]
[Round "3.8"]
[White "Kalinowska, Zuzanna"]
[Black "Orzechowski, Jacek"]
[Result "0-1"]
[WhiteElo "2046"]
[BlackElo "2139"]
[Annotator "TA"]
[PlyCount "84"]
[EventDate "2019.04.27"]
[EventType "swiss"]
[EventCountry "CZE"]
[SourceTitle "playchess.com"]
[Source "ChessBase"]
[SourceQuality "1"]

{[%evp 12,84,88,88,85,87,92,64,82,59,60,29,66,69,82,50,84,88,92,91,100,-14,82,0,170,48,41,38,43,36,37,31,158,101,220,110,123,105,1400,1395,1305,159,193,77,133,0,0,0,0,0,0,-143,-138,-218,-181,-164,-15,-31,-26,-24,-19,-37,0,0,0,-64,-60,-172,-206,-239,-233,-279,-290,-339,-132]} 1. d4 Nf6 2. c4 c5 3. d5 e5 4. Nc3 d6 5. e4 Be7 6. Bd3 Nbd7 7. Nge2 h5 {A56: Czech Benoni} (7... g6 8. h4 a6 9. Bg5 h6 10. Bd2 Kf8 11. f3 Kg7 12. Be3 h5 13. Qd2 Ne8 14. g3 Ndf6 15. a3 {1-0 (81) Vallejo Pons,F (2695)-Aronian,L (2765) St Petersburg 2018}) 8. h3 h4 9. Be3 Nh5 {White is slightly better.} 10. Qd2 Nf8 11. O-O-O Nh7 $146 ({Predecessor:} 11... Ng6 12. g4 Nhf4 13. Kb1 Bg5 14. f3 a6 15. Nxf4 exf4 {½-½ (38) Prat Guisado,C (2055)-Barcena Laguia,F (1915) Spain 2011}) 12. Kb1 Bg5 13. g4 Bxe3 14. Qxe3 N5f6 15. f4 {aiming for fxe5.} Nd7 16. Rhf1 (16. Nb5 $16 Qb6 17. f5) 16... a6 (16... exf4 $1 $11 {remains equal.} 17. Nxf4 (17. Qxf4 Ne5 $11) 17... Ne5) 17. Ng1 (17. f5 $16) 17... Nhf8 $2 (17... exf4 $1 $11 {and Black is okay.} 18. Qxf4 Ne5) 18. Nce2 (18. f5 $1 $18) 18... exf4 $1 $14 19. Nxf4 Ne5 20. Nf3 $36 {[%mdl 2048] White has some pressure.} Nfd7 21. Nh5 O-O (21... Rg8 $1 $14) 22. g5 $16 Nxf3 (22... Nxd3 $16 23. Rxd3 (23. Qxd3 g6 $11) 23... g6) 23. Qxf3 ({White must play} 23. Rxf3 $18 g6 24. Nf6+ Kg7 25. Ng4) 23... Ne5 24. Qe3 {Strongly threatening Nf6+!} b5 $2 {[%mdl 8192] [#]} (24... g6 $16) 25. Nf6+ $1 $18 {[%mdl 512]} Kh8 (25... gxf6 26. gxf6) 26. Qe2 $2 (26. Qf2 $18 {[%cal Rf2h4] is more deadly.} Nf3 27. Qxf3) 26... g6 $16 (26... gxf6 $2 27. Qh5+ Kg8 28. gxf6 $18) 27. Qe1 (27. cxb5 Kg7 $16) (27. Rf4 $1 $18 {[%cal Rf4h4] and the rest is easy.} Kg7 28. Rxh4 (28. cxb5 Rh8 $16)) 27... Kg7 28. Qxh4 (28. cxb5 $16 {Threatens to win with Rf4.} c4 29. Bc2 (29. Qxh4 $2 Rh8 $19)) 28... Rh8 $11 29. Qf4 bxc4 30. Be2 Rb8 {...c3 is the strong threat.} 31. Ng4 (31. Ka1 $11) 31... Bxg4 32. hxg4 (32. Bxg4 $17 {is a better defense.} c3 33. Qf6+ Kh7 34. Qxd8 Rxb2+ 35. Ka1 Rxd8 36. Rc1) 32... c3 33. b3 c4 (33... Qa5 $1 $19 {[%cal Ra5a3]} 34. Rc1 (34. Qf6+ $2 Kg8 $17) 34... Kg8) 34. Bxc4 Rh4 35. Qf6+ (35. Bxa6 $2 {[#]} c2+ $1 {[%mdl 512]} 36. Kxc2 Qa5 $1 $19 {[%mdl 512]}) 35... Qxf6 36. gxf6+ Kg8 (36... Kh6 $5 {[%cal Re5c4]} 37. Rh1 g5 $11) 37. Bxa6 Rh2 38. Rc1 ({White should play} 38. Rd4 $1 $11) 38... Ra8 $15 {White must now prevent ...Rb2+.} 39. Rxc3 (39. Rc2 $15 Rxc2 40. Kxc2 Rxa6 41. a4) 39... Rxa6 $19 40. Rc8+ Kh7 41. a4 {[#]} Rb6 $1 42. Rc3 {intending g5.} Kh6 {Played: Rb6-b4} 0-1